Los errores / (Registro nro. 14787)

Detalles MARC
000 -LEADER
fixed length control field 00953nam a2200301 a 4500
001 - CONTROL NUMBER
control field
003 - CONTROL NUMBER IDENTIFIER
control field DO-SdBNP
005 - DATE AND TIME OF LATEST TRANSACTION
control field 20240829085935.0
008 - FIXED-LENGTH DATA ELEMENTS--GENERAL INFORMATION
fixed length control field 091001s2014 mx a r 000 0 spa d
020 ## - INTERNATIONAL STANDARD BOOK NUMBER
International Standard Book Number 9786071624208
040 ## - CATALOGING SOURCE
Original cataloging agency DO-SdBNP
Language of cataloging spa
Transcribing agency BPMSU
082 #4 - DEWEY DECIMAL CLASSIFICATION NUMBER
Classification number M863.4
Item number R454e 2014
Edition number 22
100 1# - MAIN ENTRY--PERSONAL NAME
Personal name Revuelta, José
Dates associated with a name 1914-1976
245 14 - TITLE STATEMENT
Title Los errores /
Statement of responsibility, etc. José Revueltas
250 ## - EDITION STATEMENT
Edition statement 2a. ed.
260 ## - PUBLICATION, DISTRIBUTION, ETC. (IMPRINT)
Place of publication, distribution, etc. México:
Name of publisher, distributor, etc. Fondo de Cultura Económica,
Date of publication, distribution, etc. 2014
300 ## - PHYSICAL DESCRIPTION
Extent 278 p. ;
Dimensions 24 cm.
Other physical details
490 0# - SERIES STATEMENT
Series statement Letras Mexicanas
500 ## - GENERAL NOTE
General note Incluye datos biográficos del autor en la solapa de la cubierta
504 ## - BIBLIOGRAPHY, ETC. NOTE
Bibliography, etc
590 ## - LOCAL NOTE (RLIN)
Local note Inventariado, 2024/VM
600 14 - SUBJECT ADDED ENTRY--PERSONAL NAME
Personal name Revueltas, José Agustín,
Dates associated with a name 1914-1976
General subdivision Crítica e interpretación.
650 #4 - SUBJECT ADDED ENTRY--TOPICAL TERM
Topical term or geographic name as entry element Novela mexicana
650 #4 - SUBJECT ADDED ENTRY--TOPICAL TERM
Topical term or geographic name as entry element Literatura mexicana
Chronological subdivision Siglo XX
710 2# - ADDED ENTRY--CORPORATE NAME
Corporate name or jurisdiction name as entry element Fondo de Cultura Económica (México)
910 ## - USER-OPTION DATA (OCLC)
User-option data VMateo V. Cotrol de calidad. BPMSU
942 ## - ADDED ENTRY ELEMENTS (KOHA)
Source of classification or shelving scheme Dewey Decimal Classification
Koha item type Libros
Existencias
Withdrawn status Lost status Source of classification or shelving scheme Damaged status Not for loan Collection code Home library Current library Date acquired Source of acquisition Total Checkouts Full call number Barcode Date last seen Price effective from Koha item type
    Dewey Decimal Classification     Colección General Biblioteca Pública Metropolitana Salomé Ureña Biblioteca Pública Metropolitana Salomé Ureña 08/29/2024 Fondo de Cultura Económica   BPMSU CG M863.4 R454e 2014 BPMSU24080048 08/29/2024 08/29/2024 Libros